Elementos estructurales de mampostería de concreto prefabricados en sitio

Salvato in:
Dettagli Bibliografici
Autore principale: Morua Padilla, Eloy
Natura: Sconosciuto
Pubblicazione: [San José, Costa Rica] 1975
Soggetti:
Tags: Aggiungi Tag
Nessun Tag, puoi essere il primo ad aggiungerne!!

MARC

LEADER 00000 a2200000 4500
003 011492
005 20221231143821.0
008 140114s1975 c a m 000 ||s d
040 |c cru CEDI 
090 |a TFG 574 
100 |a Morua Padilla, Eloy  |9 16747 
245 |a Elementos estructurales de mampostería de concreto prefabricados en sitio 
260 |c 1975  |a [San José, Costa Rica] 
300 |a  71 hojas : cuadros, ilustraciones  
500 |a  Tesis (Ingeniero Civil) Universidad de Costa Rica  
650 |x HORMIGON ARMADO  |9 16748 
942 |c TFG 
999 |c 12446  |d 12446